[Event "HUN-chT4 Chalupetzky 1516"]
[Site "Fertoszentmiklos"]
[Date "2016.01.17"]
[Round "4.9"]
[White "Balint, Laszlo"]
[Black "Szilagyi, Laszlo"]
[Result "1-0"]
[WhiteElo "1681"]
[BlackElo "2128"]
[PlyCount "89"]
[EventDate "2015.10.11"]
[EventType "team-tourn"]
[EventRounds "7"]
[EventCountry "HUN"]
[SourceTitle "EXT 2017"]
[Source "ChessBase"]
[SourceDate "2016.10.25"]
[SourceVersion "1"]
[SourceVersionDate "2016.10.25"]
[SourceQuality "1"]
[WhiteTeam "Level KSE"]
[BlackTeam "Gonyu"]
[WhiteTeamCountry "HUN"]
[BlackTeamCountry "HUN"]

1. d4 d5 2. c4 b6 3. Nc3 e6 4. Nf3 Be7 5. Bf4 Nc6 6. e3 Nf6 7. h3 Bb4 8. Bd3 h6 9. 0-0 0-0 10. Rc1 Bb7 11. a3 Bxc3 12. Rxc3 Re8 13. b4 a6 14. b5 axb5 15. cxb5 Na5 16. Bxc7 Qc8 17. Qc1 Qd7 18. Bxb6 Rec8 19. Ne5 Qe8 20. Qb2 Nc4 21. Nxc4 dxc4 22. Rxc4 Rxc4 23. Bxc4 Ne4 24. Bd3 Rb8 25. a4 Ra8 26. a5 Rb8 27. Rc1 Qe7 28. Rc7 Qf6 29. Qc2 Nd6 30. e4 Qg5 31. Bc5 Ne8 32. Ba7 Nxc7 33. Bxb8 Nxb5 34. f4 Qg3 35. Bxb5 Qe1+ 36. Bf1 Bxe4 37. Qe2 Qb1 38. Ba7 Bd5 39. a6 Qf5 40. Bb8 Qb1 41. a7 Bc6 42. Qd3 Qb7 43. Qa6 Kf8 44. Qxb7 Bxb7 45. Be2 1-0

[Event "HUN-chT3 0102"]
[Site "Hungary"]
[Date "2002.04.07"]
[Round "10"]
[White "Szilagyi, Laszlo"]
[Black "Rapcsak, Andrea"]
[Result "1/2-1/2"]
[WhiteElo "2128"]
[BlackElo "2113"]
[PlyCount "76"]
[EventDate "2001.09.30"]
[EventType "team"]
[EventRounds "11"]
[EventCountry "HUN"]
[SourceTitle "EXT 2004"]
[Source "ChessBase"]
[SourceDate "2003.11.25"]
[SourceVersion "1"]
[SourceVersionDate "2003.11.25"]
[SourceQuality "1"]

1. d4 Nf6 2. c4 g6 3. g3 Bg7 4. Bg2 d5 5. Nf3 0-0 6. cxd5 Nxd5 7. 0-0 Nc6 8. e4 Nb6 9. d5 Ne5 10. Nxe5 Bxe5 11. Nc3 e6 12. Bh6 Re8 13. Qb3 Qf6 14. Be3 exd5 15. exd5 Bf5 16. Rad1 Rad8 17. h4 Qe7 18. Rfe1 Bg4 19. Rc1 Qd7 20. a4 Bh3 21. Rcd1 Bxg2 22. Kxg2 Bxc3 23. bxc3 Nxd5 24. Bg5 Rxe1 25. Rxe1 Qc6 26. Kg1 Rc8 27. c4 Nf6 28. Bxf6 Qxf6 29. Qxb7 Rd8 30. Qxc7 Rd4 31. a5 a6 32. c5 Rd2 33. Rf1 Rc2 34. Qb6 Qc3 35. Qxa6 Qxc5 36. Qa8+ Kg7 37. a6 Ra2 38. Qb7 Qa5 1/2-1/2

[Event "HUN-chT3 0102"]
[Site "Hungary"]
[Date "2002.03.24"]
[Round "9"]
[White "Szilagyi, Laszlo"]
[Black "Cseke, Richard"]
[Result "0-1"]
[WhiteElo "2128"]
[BlackElo "2252"]
[PlyCount "32"]
[EventDate "2001.09.30"]
[EventType "team"]
[EventRounds "11"]
[EventCountry "HUN"]
[SourceTitle "EXT 2004"]
[Source "ChessBase"]
[SourceDate "2003.11.25"]
[SourceVersion "1"]
[SourceVersionDate "2003.11.25"]
[SourceQuality "1"]

1. d4 Nf6 2. c4 c5 3. d5 b5 4. cxb5 a6 5. e3 g6 6. Nc3 Bg7 7. e4 axb5 8. Bxb5 Nxe4 9. Bxd7+ Nxd7 10. Nxe4 Ba6 11. Ne2 Qa5+ 12. Bd2 Qb5 13. Bc3 Ne5 14. Kf1 0-0 15. a4 Qc4 16. b3 Qxe4 0-1

[Event "Balatonturist op"]
[Site "Budapest"]
[Date "2000.06.22"]
[Round "7"]
[White "Szilagyi, Laszlo"]
[Black "Zhao, Xue"]
[Result "0-1"]
[WhiteElo "2126"]
[BlackElo "2373"]
[PlyCount "82"]
[EventDate "2000.06.03"]
[EventType "swiss"]
[EventRounds "9"]
[EventCountry "HUN"]
[SourceTitle "CBM 076 Extra"]
[Source "ChessBase"]
[SourceDate "2000.07.11"]
[SourceVersion "1"]
[SourceVersionDate "2000.07.11"]
[SourceQuality "1"]

1. d4 f5 2. c4 Nf6 3. Nc3 g6 4. Bg5 Bg7 5. e3 d6 6. Bd3 Nbd7 7. Nf3 c6 8. Qc2 e5 9. dxe5 dxe5 10. e4 f4 11. b4 h6 12. Bxf6 Qxf6 13. Na4 0-0 14. c5 Kh8 15. a3 Rd8 16. Nd2 Nf8 17. Bc4 h5 18. h4 Bg4 19. f3 Be6 20. Rd1 Qe7 21. Bxe6 Nxe6 22. Nc4 Nd4 23. Qf2 Qe6 24. Qa2 b5 25. cxb6 axb6 26. Rxd4 exd4 27. Naxb6 Ra6 28. Qd2 Rb8 29. Qxf4 Raxb6 30. Nxb6 Rxb6 31. 0-0 Ra6 32. g4 hxg4 33. fxg4 Rxa3 34. Rf2 Ra1+ 35. Kg2 Re1 36. h5 Qxe4+ 37. Qxe4 Rxe4 38. Kf3 Re3+ 39. Kf4 gxh5 40. gxh5 Kh7 41. Rc2 Rc3 0-1

[Event "Balatonturist op"]
[Site "Budapest"]
[Date "2000.06.21"]
[Round "6"]
[White "Gal, Janos"]
[Black "Szilagyi, Laszlo"]
[Result "0-1"]
[WhiteElo "2005"]
[BlackElo "2126"]
[PlyCount "122"]
[EventDate "2000.06.03"]
[EventType "swiss"]
[EventRounds "9"]
[EventCountry "HUN"]
[SourceTitle "CBM 076 Extra"]
[Source "ChessBase"]
[SourceDate "2000.07.11"]
[SourceVersion "1"]
[SourceVersionDate "2000.07.11"]
[SourceQuality "1"]

1. e4 c6 2. c3 d5 3. e5 Bf5 4. d4 e6 5. Bd3 Ne7 6. Bg5 Bxd3 7. Qxd3 Qb6 8. Qc2 c5 9. Ne2 Nbc6 10. Nd2 cxd4 11. cxd4 Nf5 12. 0-0 Nfxd4 13. Nxd4 Qxd4 14. Nf3 Qb6 15. Rac1 Be7 16. Be3 Qd8 17. Qb3 Qd7 18. Qa4 a6 19. Qg4 g6 20. h4 h5 21. Qf4 Rc8 22. a3 Na5 23. Rxc8+ Qxc8 24. Rc1 Qd7 25. Ng5 Bxg5 26. Qxg5 Nc6 27. Qf6 Rh7 28. Bg5 Qc7 29. b4 Kd7 30. Re1 Qb6 31. Qf4 Qd4 32. Qf3 Nxe5 33. Qb3 Qc4 34. Qe3 Nc6 35. Rc1 Qd4 36. Qb3 Rh8 37. b5 axb5 38. Qxb5 Qa7 39. Rb1 Rc8 40. Bf4 Qa6 41. Qc5 Ke8 42. Bg5 Qa5 43. Qc2 Qc7 44. Rc1 Qd7 45. Qb2 d4 46. Rc5 f5 47. Rb5 Rc7 48. Bf4 e5 49. Bxe5 Nxe5 50. Rxe5+ Kf8 51. Re2 Qd5 52. Rd2 Rd7 53. Qb6 Kg7 54. Qb2 Kh7 55. Rd3 Qe4 56. Qd2 Qxh4 57. Qb2 Qe4 58. Qd2 Qd5 59. Qg5 Qe6 60. Qd2 Qc4 61. g3 b5 0-1

[Event "Balatonturist op"]
[Site "Budapest"]
[Date "2000.06.19"]
[Round "4"]
[White "Szilagyi, Laszlo"]
[Black "Pal, Geza"]
[Result "1/2-1/2"]
[WhiteElo "2126"]
[BlackElo "2283"]
[PlyCount "79"]
[EventDate "2000.06.03"]
[EventType "swiss"]
[EventRounds "9"]
[EventCountry "HUN"]
[SourceTitle "CBM 076 Extra"]
[Source "ChessBase"]
[SourceDate "2000.07.11"]
[SourceVersion "1"]
[SourceVersionDate "2000.07.11"]
[SourceQuality "1"]

1. d4 d5 2. c4 c6 3. Nc3 Nf6 4. Bg5 Nbd7 5. e3 Qa5 6. Bh4 e6 7. Qc2 Bb4 8. Bd3 dxc4 9. Bxc4 Nb6 10. Bd3 c5 11. Bxf6 gxf6 12. Nge2 f5 13. dxc5 Na4 14. 0-0 Bd7 15. Nxa4 Qxa4 16. b3 Qa3 17. c6 Bxc6 18. Nd4 0-0 19. Nxc6 Rac8 20. Qe2 Rxc6 21. g4 Bc3 22. Rac1 Qa5 23. Bc4 Kh8 24. Kh1 Bg7 25. Rg1 Qe5 26. Qf3 Rfc8 27. a4 a6 28. Rcd1 Qe4 29. Qxe4 fxe4 30. Rd7 R6c7 31. Rgd1 Bf6 32. Kg2 Kg7 33. Kg3 Be5+ 34. Kg2 Kf6 35. h4 Bc3 36. Kh3 h6 37. Kg3 Be5+ 38. Kg2 Kg6 39. R1d2 Bc3 40. Rd1 1/2-1/2

[Event "Balatonturist op"]
[Site "Budapest"]
[Date "2000.06.18"]
[Round "3"]
[White "Xu, Hanbing"]
[Black "Szilagyi, Laszlo"]
[Result "1/2-1/2"]
[WhiteElo "2420"]
[BlackElo "2126"]
[PlyCount "43"]
[EventDate "2000.06.03"]
[EventType "swiss"]
[EventRounds "9"]
[EventCountry "HUN"]
[SourceTitle "CBM 076 Extra"]
[Source "ChessBase"]
[SourceDate "2000.07.11"]
[SourceVersion "1"]
[SourceVersionDate "2000.07.11"]
[SourceQuality "1"]

1. Nf3 d5 2. d4 c6 3. c4 dxc4 4. a4 Nf6 5. Nc3 Bf5 6. Ne5 e6 7. Nxc4 Nbd7 8. f3 Bb4 9. e4 Bg6 10. a5 0-0 11. Be2 b5 12. axb6 axb6 13. Rxa8 Qxa8 14. 0-0 b5 15. Ne5 Nxe5 16. dxe5 Rd8 17. Qe1 Nd7 18. Bg5 Re8 19. Bf4 h6 20. Qd2 Rd8 21. Rd1 Be7 22. Qc1 1/2-1/2

[Event "Balatonturist op"]
[Site "Budapest"]
[Date "2000.06.17"]
[Round "2"]
[White "Szilagyi, Laszlo"]
[Black "Szlabey, Katalin"]
[Result "1-0"]
[WhiteElo "2126"]
[BlackElo "2005"]
[PlyCount "59"]
[EventDate "2000.06.03"]
[EventType "swiss"]
[EventRounds "9"]
[EventCountry "HUN"]
[SourceTitle "CBM 076 Extra"]
[Source "ChessBase"]
[SourceDate "2000.07.11"]
[SourceVersion "1"]
[SourceVersionDate "2000.07.11"]
[SourceQuality "1"]

1. d4 g6 2. c4 Bg7 3. Nc3 Nf6 4. Bg5 d6 5. e3 Nbd7 6. h3 b6 7. Be2 Bb7 8. Bf3 Rb8 9. Bxb7 Rxb7 10. Qf3 Qc8 11. Qc6 0-0 12. Nge2 a6 13. 0-0 e5 14. Rac1 exd4 15. exd4 Re8 16. b4 Nb8 17. Qf3 Nbd7 18. Bf4 Ra7 19. a4 Qb7 20. Qd3 Ne4 21. f3 Nxc3 22. Nxc3 Raa8 23. Rfe1 Rac8 24. Nd5 Rxe1+ 25. Rxe1 Bf8 26. Qe3 Qa8 27. Ne7+ Bxe7 28. Qxe7 Nf8 29. Bh6 Ne6 30. Rxe6 1-0

[Event "Szekszard op"]
[Site "Szekszard"]
[Date "1996.??.??"]
[Round "1"]
[White "Szilagyi, Laszlo"]
[Black "Aagaard, Jacob"]
[Result "0-1"]
[WhiteElo "2125"]
[BlackElo "2370"]
[PlyCount "60"]
[EventDate "1996.??.??"]
[EventType "swiss"]
[EventRounds "9"]
[EventCountry "HUN"]
[SourceTitle "EXT 2004"]
[Source "ChessBase"]
[SourceDate "2003.11.25"]
[SourceVersion "1"]
[SourceVersionDate "2003.11.25"]
[SourceQuality "1"]

1. d4 Nf6 2. c4 e6 3. Nc3 Bb4 4. Qc2 0-0 5. Bg5 h6 6. Bh4 c5 7. e3 cxd4 8. exd4 d5 9. Nf3 dxc4 10. Bxc4 b6 11. 0-0 Bb7 12. Be2 Nc6 13. Rad1 Be7 14. a3 Nd5 15. Bg3 Nxc3 16. Qxc3 Rc8 17. Qd3 Qd5 18. Qb5 Na5 19. Qxd5 Bxd5 20. Bd3 Nc4 21. Bxc4 Rxc4 22. Ne5 Rc2 23. b4 Rfc8 24. Rfe1 R8c3 25. Rd3 Rxd3 26. Nxd3 Rc3 27. Nf4 Bc4 28. h4 Bf6 29. a4 Bxd4 30. a5 Rxg3 0-1

[Event "Balatonbereny op"]
[Site "Balatonbereny"]
[Date "1996.??.??"]
[Round "1"]
[White "Szilagyi, Laszlo"]
[Black "Gyorkos, Lajos"]
[Result "0-1"]
[WhiteElo "2105"]
[BlackElo "2390"]
[PlyCount "80"]
[EventDate "1996.06.13"]
[EventType "swiss"]
[EventRounds "9"]
[EventCountry "HUN"]
[SourceTitle "CBM 053 Extra"]
[Source "ChessBase"]
[SourceDate "1996.09.01"]
[SourceVersion "1"]
[SourceVersionDate "1996.09.01"]
[SourceQuality "1"]

1. d4 Nf6 2. c4 c5 3. d5 b5 4. cxb5 a6 5. e3 g6 6. Nc3 Bg7 7. e4 0-0 8. bxa6 Nxa6 9. Bc4 Ne8 10. Nge2 Nd6 11. Bxa6 Bxa6 12. Qc2 f5 13. 0-0 Bxc3 14. bxc3 fxe4 15. Rd1 Bd3 16. Rxd3 exd3 17. Qxd3 Ra4 18. Ng3 Qa8 19. Bg5 Rxa2 20. Rf1 Rf7 21. h4 c4 22. Qb1 Ra5 23. h5 gxh5 24. Nxh5 Rxd5 25. Bxe7 Rxe7 26. Nf6+ Kh8 27. Nxd5 Qxd5 28. Rd1 Qb7 29. Qc1 Rg7 30. g3 Ne4 31. Qf4 Qa8 32. Qe5 d6 33. Qd4 Ng5 34. Qxd6 Nf3+ 35. Kf1 Rf7 36. Qe6 Kg7 37. Qg4+ Kf8 38. Qxc4 Nd2+ 39. Rxd2 Qh1+ 40. Ke2 Re7+ 0-1

[Event "Balatonbereny op"]
[Site "Balatonbereny"]
[Date "1994.??.??"]
[Round "6"]
[White "Dodu, Petre"]
[Black "Szilagyi, Laszlo"]
[Result "1-0"]
[WhiteElo "2275"]
[BlackElo "2225"]
[PlyCount "82"]
[EventDate "1994.09.??"]
[EventType "swiss"]
[EventRounds "9"]
[EventCountry "HUN"]
[SourceTitle "EXT 1997"]
[Source "ChessBase"]
[SourceDate "1996.11.15"]
[SourceVersion "1"]
[SourceVersionDate "1996.11.15"]
[SourceQuality "1"]

1. e4 c6 2. d4 d5 3. exd5 cxd5 4. Bd3 Nc6 5. c3 g6 6. Bf4 Nf6 7. h3 Bg7 8. Nf3 Bd7 9. 0-0 0-0 10. Re1 Qb6 11. b4 Rfe8 12. Nbd2 Nd8 13. Qe2 Ba4 14. a3 Ne6 15. Be3 Qd6 16. g3 Nh5 17. c4 dxc4 18. Nxc4 Qd5 19. Na5 b6 20. Bc4 Qe4 21. Nb3 Bxb3 22. Bxb3 Nd8 23. Rac1 Qb7 24. g4 Nf6 25. Ne5 e6 26. Bg5 Nd5 27. Ba4 Rf8 28. Nc6 Bf6 29. Bh6 Bg7 30. Bg5 Bf6 31. Bd2 Rc8 32. Ne5 Bxe5 33. Rxc8 Bh2+ 34. Kxh2 Qxc8 35. Bh6 Nc3 36. Qc2 b5 37. Bxf8 Kxf8 38. Bb3 Qb8+ 39. Kg1 Nd5 40. Bxd5 exd5 41. Qc5+ Kg8 1-0

[Event "Balatonbereny op"]
[Site "Balatonbereny"]
[Date "1994.??.??"]
[Round "7"]
[White "Szilagyi, Laszlo"]
[Black "Hoelscher, Thorsten"]
[Result "1-0"]
[WhiteElo "2225"]
[BlackElo "2165"]
[PlyCount "77"]
[EventDate "1994.09.??"]
[EventType "swiss"]
[EventRounds "9"]
[EventCountry "HUN"]
[SourceTitle "EXT 1997"]
[Source "ChessBase"]
[SourceDate "1996.11.15"]
[SourceVersion "1"]
[SourceVersionDate "1996.11.15"]
[SourceQuality "1"]

1. d4 Nf6 2. c4 g6 3. g3 Bg7 4. Bg2 0-0 5. Nc3 d6 6. Nf3 Nbd7 7. 0-0 e5 8. dxe5 dxe5 9. Qc2 c6 10. e4 Qe7 11. h3 Re8 12. Bg5 h6 13. Be3 a5 14. a3 Nc5 15. Rad1 Nfd7 16. b3 Ne6 17. Qc1 Kh7 18. Rfe1 Bf8 19. Nb1 Ndc5 20. Qc2 Bg7 21. Re2 a4 22. b4 Nb3 23. c5 Rd8 24. Nbd2 Nbd4 25. Bxd4 Nxd4 26. Nxd4 exd4 27. Nc4 Be6 28. Rd3 Bxc4 29. Qxc4 Qe6 30. Qxe6 fxe6 31. e5 g5 32. Kf1 h5 33. f3 Rd7 34. Re4 Rad8 35. h4 g4 36. f4 Bf8 37. Re1 b6 38. Bxc6 Rc7 39. Be4+ 1-0

[Event "Balatonbereny op"]
[Site "Balatonbereny"]
[Date "1993.??.??"]
[Round "4"]
[White "Nagy, Robert"]
[Black "Szilagyi, Laszlo"]
[Result "1-0"]
[WhiteElo "2225"]
[BlackElo "2225"]
[PlyCount "61"]
[EventDate "1993.09.??"]
[EventType "swiss"]
[EventRounds "9"]
[EventCountry "HUN"]
[SourceTitle "EXT 1997"]
[Source "ChessBase"]
[SourceDate "1996.11.15"]
[SourceVersion "1"]
[SourceVersionDate "1996.11.15"]
[SourceQuality "1"]

1. e4 c6 2. d4 d5 3. Nc3 dxe4 4. Nxe4 Bf5 5. Ng3 Bg6 6. h4 h6 7. h5 Bh7 8. Nf3 e6 9. Bd3 Bxd3 10. Qxd3 Nf6 11. Bd2 Bd6 12. Ne2 Nbd7 13. c4 0-0 14. 0-0-0 e5 15. Qf5 Qe7 16. Bc3 e4 17. Nh4 Rfe8 18. g4 Qe6 19. g5 hxg5 20. Qxg5 Qg4 21. Rdg1 Qxg5+ 22. Rxg5 Kh7 23. Nf5 Bf8 24. Rhg1 e3 25. f3 Ng8 26. Nxg7 Bxg7 27. Rxg7+ Kh6 28. Rxf7 Ngf6 29. Rg6+ Kxh5 30. Nf4+ Kh4 31. Be1# 1-0